Statystyki dla Najdłuższe rzeki świata

Kliknij tutaj aby rozwiązać quiz!

Ogólne statystyki

  • Ten quiz został rozwiązany 229 razy
  • Średni wynik to 9 z 15

Statystyki odpowiedzi

DługośćRzeka% Poprawnych
6800kmAmazonka
99%
6695kmNil
97%
3530kmWołga
87%
6300kmJangcy
78%
6020kmMissisipi-Missouri
72%
4700kmKongo
63%
4500kmMekong
52%
5464kmHuang He
51%
5410kmOb-Irtysz
51%
4400kmLena
50%
4160kmNiger
38%
4440kmAmur
37%
4102kmJenisej
35%
4380kmParana
29%
4240kmMackenzie
15%

Rozkład punktacji

Percentyl według liczby udzielonych odpowiedzi

Procent ludzi z każdym wynikiem

Twoja historia wyników

Nie rozwiązałeś tego quizu